| 000 | 00925cam a22001934a 4500 | ||
|---|---|---|---|
| 005 | 20250605164141.0 | ||
| 008 | 250528s ||||||||||||||||||||||||d | ||
| 035 | _a18964 | ||
| 020 | _a5912962 | ||
| 040 |
_aGR-AtMCL _bgre _dGR-AtMCL _eAACR2 |
||
| 245 | 1 | _aGoodness Had Nothing to Do with It / From the Turn of the Century to Myra Breckinridge | |
| 260 |
_bAcademic Press, _c1970 |
||
| 300 | _a288 | ||
| 520 | _aSome are born sexy, some become sexy, and some have sexiness thrust upon them. Enlarged and Revised by the author. Acknowledgement, I Take the Spotlight, A World by the Tail, I Get a Few Men Made, I Make My First Real Play, Love on the Run, The Lady and the Lions, The Claws of the Censor, Cowboys and Indians, There Must be Something More, Desert Love, A Real Star Never Stops, It's Mine - All Mine, Still the Queen of Sex. | ||
| 700 | 1 |
_aWest Mae _95246 |
|
| 942 | _cBK | ||
| 999 |
_c4260 _d4260 |
||